Saved in:
| Format: | Serial |
|---|---|
| Language: | English |
| Tags: |
Add Tag
No Tags, Be the first to tag this record!
|
| Call Number : |
MARC
| LEADER | 00000nas a2200000 a 4500 | ||
|---|---|---|---|
| 001 | 29651 | ||
| 003 | MY-KLNDU | ||
| 005 | 20241218082900.0 | ||
| 008 | 091217c mr1 0 0eng d | ||
| 022 | |a 1555-1555 | ||
| 039 | 9 | |a 200912171040 |b staff |c 200912171030 |d staff |c 200912171010 |d staff |c 200912171006 |d staff |y 200912170946 |z staff | |
| 999 | |a vtls000040016 |c 29651 |d 29651 | ||